000 00598nam a2200157Ia 4500
008 100204s9999 xx 000 0 und d
082 _b14334
100 _aव्दिवेदी हजारीप्रसाद
245 _aबाणभट्टाची आत्मकथा
260 _b"पॉप्युलर प्रकाशन , मुंबई"
_c1965
300 _a370
630 _aबाणभट्टाची आत्मकथा
700 _aकेलकर र. श.
730 _aबाणभट्टाची आत्मकथा
942 _cBOOK
999 _c458765
_d458762